Từ điển kinh tế kinh doanh Anh - Việt

Đã lưu trong:
书目详细资料
主要作者: NGUYỄN ĐỨC DỴ
格式: 图书
语言:Undetermined
出版: KHKT 2000
标签: 添加标签
没有标签, 成为第一个标记此记录!
Thư viện lưu trữ: Trung tâm Học liệu Trường Đại học Cần Thơ
LEADER 00423nam a2200145Ia 4500
001 CTU_49080
008 210402s9999 xx 000 0 und d
082 |a 330.03 
082 |b D600 
100 |a NGUYỄN ĐỨC DỴ 
245 0 |a Từ điển kinh tế kinh doanh Anh - Việt 
245 0 |c NGUYỄN ĐỨC DỴ 
260 |b KHKT 
260 |c 2000 
980 |a Trung tâm Học liệu Trường Đại học Cần Thơ